000 00772nas a2200265 4500
001 BR0503319
003 BR-BrBNA
005 20231205105504.0
007 ta
008 230509b bl.|||p| |||| 00| 00por d
040 _aBR-BrBNA
_bpor
_cBiblioteca Nacional de Agricultura
041 _a(Pt)
072 _aK10
100 1 _aFerreira, D.A.C.
100 1 _aDias, H.C.T.
245 1 _aSituação atual da mata ciliar do Ribeirão São Bartolomeu em Viçosa, MG
650 _aMATA CILIAR
650 _aREVEGETAÇÃO
650 _aLEVANTAMENTO
650 _aRIO
650 _aMINAS GERAIS
773 0 _tRevista Árvore (Brazil)
_xISSN 0100-6762
_g(Jul-Aug 2004), v. 28(4) p. 617-623
_wBR0503319
909 _a202311
_bLúcia
_c55
_dLúcia Elande
942 _2AGRIS
_n0
_cANA
999 _c183229
_d183229